Fumagilín už do zimných zásob

Bibliographic Details
Main Author: Hanko, Ján, 1929-1995 (Author)
Format: Article
Language:Slovak

MARC

LEADER 00000nab a2200000ua 4500
001 vtls010772305
003 SK-MaSNL
005 20260303120546.0
008 230131s1974 xo |||||||||||||||||slo|
035 |a (urnnbn)urn:nbn:sk:snk:ar-a001wn 
035 |a (uuid)19c067af-d9e3-46cf-a3ef-75eb4d7612e2 
035 |a urn:nbn:sk:snk-ab4za9 
040 |a SNKBUCL  |b slo  |c SNKBUCL  |e AACR2 
041 0 |a slo 
044 |a xo  |c SK 
100 1 |a Hanko, Ján,  |d 1929-1995  |4 aut  |9 39211 
245 1 0 |a Fumagilín už do zimných zásob  |c Ján Hanko 
773 0 |t Včelár : odborný časopis Povereníctva poľnohospodárstva a lesného hospodárstva a Ústredia včelárskych združení na Slovensku  |g Roč. 48, č. 9 (1974), s. 202 
954 |a odborná, vedecká literatúra pôvodná (slovenská)  |2 lita 
958 |a OND 
958 |a EUIPO 
958 |a article3 
999 |c 1910621  |d 1912551